Tokyo Metro Stations with a map - Statistics

General Stats
  • This quiz has been taken 188 times
    149 since last reset
  • The average score is 108 of 291
Answers on the Map
Answers color-coded by a green-red scale on the quiz's map according to % correct below.
 
Answer Stats
Answer % Correct
Shinjuku 新宿
93%
Ginza 銀座
92%
Shibuya 渋谷
92%
Asakusa 浅草
89%
Tokyo 東京
88%
Mita 三田
78%
Ueno 上野
78%
Hibiya 日比谷
77%
Ikebukuro 池袋
75%
Yurakucho 有楽町
72%
Meiji Jingumae (Harajuku) 明治神宮前〈原宿〉
69%
Akihabara 秋葉原
66%
Hanzomon 半蔵門
66%
Oshiage (SKYTREE) 押上〈スカイツリー前〉
63%
Otemachi 大手町
63%
Ebisue 恵比寿
61%
Nihombashi 日本橋
61%
Akasaka 赤坂
60%
Roppongi 六本木
60%
Omotesando 表参道
59%
Shimbashi 新橋
59%
Shinjuku Sanchome 三丁目
59%
Shinjuku Sanchome 新宿三丁目
59%
Meguro 目黒
57%
Oshiage (SKYTREE) 押上〈スカイツリー前〉
57%
Yoyogi 代々木
57%
Iidabashi 飯田橋
53%
Nakano 中野
53%
Toranomon 虎ノ門
53%
Kanda 神田
52%
Kita Senju 北千住
51%
Waseda 早稲田
50%
Yotsuya 四ツ谷
50%
Naka Meguro 中目黒
49%
Akasaka Mitsuke 赤坂見附
48%
Higashi Ginza 東銀座
48%
Nishi Shinjuku 西新宿
48%
Ogikubo 荻窪
48%
Takadanobaba 高田馬場
48%
Toranomon Hills 虎ノ門ヒルズ
48%
Aoyama Itchome 青山一丁目
47%
Ichigaya 市ケ谷
45%
Nishi Funabashi 西船橋
45%
Nishi Nippori 西日暮里
45%
Ochanomizu 御茶ノ水
45%
Yoyogi Uehara 代々木上原
45%
Daimon 大門
44%
Shin Kiba 新木場
44%
Tsukiji 築地
44%
Jimbocho 神保町
43%
Kasumigaseki 霞ケ関
43%
Korakuen 後楽園
43%
Kudanshita 九段下
42%
Toyosu 豊洲
42%
Higashi Shinjuku 東新宿
41%
Kiba 木場
41%
Ningyocho 人形町
41%
Kasai 葛西
40%
Kyobashi 京橋
40%
Wakoshi 和光市
40%
Ayase 綾瀬
39%
Yoyogi Koen 代々木公園
39%
Gaiemmae 外苑前
38%
Gotanda 五反田
38%
Kita Ayase 北綾瀬
38%
Kokkai Gijidomae 国会議事堂前
38%
Minami Senju 南千住
38%
Mitsukoshimae 三越前
38%
Nagatacho 永田町
38%
Asakusabashi 浅草橋
36%
Azabu Juban 麻布十番
36%
Komagome 駒込
36%
Nishi Kasai 西葛西
36%
Hiroo 広尾
35%
Sugamo 巣鴨
35%
Tochomae 都庁前
35%
Ueno Hirokoji 上野広小路
35%
Higashi Ikebukuro 東池袋
34%
Kinshicho 錦糸町
34%
Shinjuku Gyoemmae 新宿御苑前
34%
Tameike Sanno 溜池山王
34%
Honancho 方南町
33%
Kayabacho 茅場町
32%
Moto Yawata 本八幡
32%
Roppongi Itchome 六本木一丁目
32%
Shirokane Takanawa 白金高輪
32%
Urayasu 浦安
32%
Ginza Itchome 銀座一丁目
31%
Kagurazaka 神楽坂
31%
Nakano Sakaue 中野坂上
31%
Nerima 練馬
31%
Shin Ochanomizu 新御茶ノ水
31%
Suehirocho 末広町
31%
Tsukishima 月島
31%
Hongo Sanchome 本郷三丁目
30%
Nishi-magome 西馬込
30%
Higashi Nihombashi 東日本橋
28%
Kamiyacho 神谷町
28%
Magome 馬込
28%
Nishi Waseda 西早稲田
28%
Oji 王子
28%
Sakuradamon 桜田門
28%
Shiodome 汐留
28%
Suitengumae 水天宮前
28%
Takashimadaira 高島平
28%
Tawaramachi 田原町
28%
Todaimae 東大前
28%
Toyocho 東陽町
28%
Ueno Okachimachi 上野御徒町
28%
Yotsuya Sanchome 四谷三丁目
28%
Kasuga 春日
27%
Monzennakacho 門前仲町
27%
Monzen Nakacho 門前仲町
27%
Sengakuji 泉岳寺
27%
Shin Okachimachi 新御徒町
27%
Shin-otsuka 新大塚
27%
Shirokanedai 白金台
27%
Suidobashi 水道橋
27%
Sumiyoshi 住吉
27%
Hikarigaoka 光が丘
26%
Kuramae蔵前
26%
Kuramae 蔵前
26%
Nishi Takashimadaira 西高島平
26%
Shin Takashimadaira 新高島平
26%
Takebashi 竹橋
26%
Hatchobori 八丁堀
25%
Kita Sando 北参道
25%
Kotake Mukaihara 小竹向原
25%
Minami Sunamachi 南砂町
25%
Myogadani 茗荷谷
25%
Ochiai 落合
25%
Shiba Koen 芝公園
25%
Shimo 志茂
25%
Shin Nakano 新中野
25%
Chikatetsu Narimasu 地下鉄成増
24%
Higashi Nakano 東中野
24%
Inaricho 稲荷町
24%
Iriya 入谷
24%
Minami Asagaya 南阿佐ケ谷
24%
Myoden 妙典
24%
Nijubashimae 二重橋前
24%
Nogizaka 乃木坂
24%
Shinjuku Nishiguchi 新宿西口
24%
Akabane Iwabuchi 赤羽岩淵
23%
Gyotoku 行徳
23%
Higashi Koenji 東高円寺
23%
Itabashi Kuyakushomae 板橋区役所前
23%
Iwamotocho 岩本町
23%
Kiyosumi Shirakawa 清澄白河
23%
Machiya 町屋
23%
Nakano Fujimicho 中野富士見町
23%
Naka-okachimachi 仲御徒町
23%
Shin Itabashi 新板橋
23%
Uchisaiwaicho 内幸町
23%
Awajicho 淡路町
22%
Chikatetsu Akatsuka 地下鉄赤塚
22%
Honjo Azumabashi 本庄吾妻橋
22%
Minowa 三ノ輪
22%
Morishita 森下
22%
Nakano Shimbashi 中野新橋
22%
Ryogoku 両国
22%
Shin Koenji 新高円寺
22%
Takaracho 宝町
22%
Yushima 湯島
22%
Zoshigaya 雑司が谷
22%
Akebonobashi 曙橋
20%
Oji Kamiya 王子神谷
20%
Onarimon 御成門
20%
Sendagi 千駄木
20%
Bakuro Yokoyama 馬喰横山
19%
Baraki Nakayama 原木中山
19%
Hakusan 白山
19%
Hon Komagome 本駒込
19%
Kojimachi 麹町
19%
Kokuritsu Kyogijo 国立競技場
19%
Minami Gyotoku 南行徳
19%
Takanawadai 高輪台
19%
Heiwadai 平和台
18%
Kanamecho 要町
18%
Kodemmacho 小伝馬町
18%
Mizue 瑞江
18%
Nezu 根津
18%
Nishi Sugamo 西巣鴨
18%
Senkawa 千川
18%
Shintomicho 新富町
18%
Tsukijishijo 築地市場
18%
Hikawadai 氷川台
17%
Itabashihoncho 板橋本町
17%
Nakai 中井
17%
Shimura Sakaue 志村坂上
17%
Tatsumi 辰巳
17%
Toshimaen 豊島園
17%
Edogawabashi 江戸川橋
16%
Hamacho 浜町
16%
Higashi Ojima 東大島
16%
Ichinoe 一之江
16%
Ogawamachi 小川町
16%
Akabanebashi 赤羽橋
15%
Funabori 船堀
15%
Gokokuji 護国寺
15%
Kachidoki 勝どき
15%
Nakanobu 中延
15%
Nishigahara 西ケ原
15%
Ojima 大島
15%
Sengoku 千石
15%
Shimura Sanchome 志村三丁目
15%
Ushigome Kagurazaka 牛込神楽坂
15%
Hasune 蓮根
14%
Nishi Ojima 西大島
14%
Nishi Shinjuku Gochome 西新宿五丁目
14%
Ochiai Minami Nagasaki 落合南長崎
14%
Shin Egota 新江古田
14%
Shinozaki 篠崎
14%
Kikukawa 菊川
13%
Motohasunuma 本蓮沼
13%
Nerima Kasugacho 練馬春日町
13%
Nishidai 西台
13%
Ushigome Yanagicho 牛込柳町
13%
Togoshi 戸越
11%
Wakamatsu Kawada 若松河田
10%
No matching quizzes found
Score Distribution
Percent of People with Each Score
Percentile by Number Answered
Your Score History
You have not taken this quiz since the last reset